Computer simulation models /

Guardado en:
Autor Principal: Smith, John Upham Murray, 1933-
Formato: Libro
Idioma:English
Publicado: London : Griffin, 1968.
Materias:
Etiquetas: Agregar Etiqueta
Sin Etiquetas, Sea el primero en etiquetar este registro!
LEADER 00661nam a2200217 a 4500
001 MAT.inmabb005789
008 690923s1968####enka#####b####001#0#eng##
005 20170522170755.0
245 1 0 |a Computer simulation models /  |c [by] John Smith. 
260 |a London :  |b Griffin,  |c 1968. 
300 |a xi, 112 p. :  |b il. ;  |c 22 cm. 
504 |a Incluye referencias bibliográficas. 
510 4 |a MR,  |c *REVIEW #* 
020 |a 0852641001 
100 1 |a Smith, John Upham Murray,  |d 1933- 
650 0 |a Simulation methods. 
650 0 |a Digital computer simulation. 
084 |a 68  |2 MR 
010 |a  71412405  
040 |a DLC  |c DLC  |d DLC 
859 |h 68  |i Sm652  |p A-4194  |b BIB. MATEMATICA